Operations research and quantitative economics ; an elementary introduction /

Bibliographic Details
Main Author: Theil, Henri
Other Authors: Boot, Johannes Cornelius Gerardus, Kloeck, Teun
Format: Book
Language:English
Dutch
Published: New York : McGraw-Hill Book Co., [1965]
Series:Economics handbook series.
Subjects:

MARC

Tag First Indicator Second Indicator Subfields
LEADER 00000cam a2200000 4500
001 in00000056175
005 20151008052407.0
008 720127s1965 nyu b 00000 eng u
010 |a  65016155  
035 |a (OCoLC)00228970 
035 |9 AAH3128AM 
040 |c WSU  |d TXA  |d UtOrBLW 
041 1 |a eng  |a dut 
049 |a TXAM  |c [460070] 
050 0 |a HD20.5  |b .T513 
090 |a HD20.5  |b .T513 1965 
092 |a 338.00184  |b T376o 
100 1 |a Theil, Henri. 
245 1 0 |a Operations research and quantitative economics ;  |b an elementary introduction /  |c [by] Henri Theil, John C. G. Boot [and] Teun Kloek. Translated from the dutch. 
264 1 |a New York :  |b McGraw-Hill Book Co.,  |c [1965] 
300 |a 258 pages 
336 |a text  |b txt  |2 rdacontent 
337 |a unmediated  |b n  |2 rdamedia 
338 |a volume  |b nc  |2 rdacarrier 
490 1 |a Economics handbook series 
504 |a Includes bibliographies. 
650 0 |a Operations research. 
700 1 |a Boot, Johannes Cornelius Gerardus. 
700 1 |a Kloeck, Teun. 
830 0 |a Economics handbook series. 
999 |a MARS 
999 f f |s cd10db07-384e-330e-a8fc-b4e9c6a357e3  |i f7501e90-c25f-3058-a7a0-faf73ea3b20f  |t 0 
952 f f |p normal  |a Texas A&M University  |b College Station  |c Sterling C. Evans Library  |d Evans: Library Stacks  |t 0  |e HD20.5 .T513 1965  |h Library of Congress classification  |i unmediated -- volume  |m A14833260296 
998 f f |a HD20.5 .T513 1965  |t 0  |l Evans: Library Stacks